| 000 | 00483 a2200157 4500 | ||
|---|---|---|---|
| 999 |
_c5010 _d5010 |
||
| 020 | _a0061278157 | ||
| 050 | 0 | 0 | _aPS3566 STE 1978 |
| 100 | 1 |
_aSteiner, Nancy Hunter, _d1933- _eauthor |
|
| 245 | 1 | 2 |
_aA closer look at Ariel: a memory of Sylvia Plath. _cIntrod. by George Stade. |
| 250 | _a[1st ed.] | ||
| 264 |
_aNew York : _bHarper's Magazine Press, _c1973 |
||
| 300 | _a83 p. | ||
| 500 | _aAlso issued online | ||
| 650 | 0 |
_aPoets, American _xBiography. |
|
| 942 |
_2lcc _cBK _h3566 _iSTE _kPS |
||